000 00800nam a2200253Ia 4500
008 160404s9999 xx 000 0 und d
020 _a971-607-016-0
050 _aFIL HD 30.24
050 _b.C89 2005 c.2
100 _aCuyugan, Jorge H.
245 2 _aA Business planning manual :
245 _ba project feasibility study guidebook for Filipinos students and entrepreneurs /
245 _cJorge H. Cuyugan.
260 _aManila :
260 _bBooklore Pub. Corp.,
260 _c2009
300 _a171 pages :
300 _billustrations ;
300 _c22 cm.
500 _aIncludes bibliographical references.
650 _aFeasibility studies -- Philippines -- Guidebooks.
650 _aFilipino business people -- Guidebooks.
650 _xBusiness planning -- Philippines.
999 _c293304
_d293304